Santiago (Record no. 1974)

MARC details
000 -CABECERA
campo de control de longitud fija 00754nam a2200205 a 4500
001 - NÚMERO DE CONTROL
campo de control BRCA_2221
005 - FECHA Y HORA DE LA ÚLTIMA TRANSACCIÓN
campo de control 20190320203723.0
008 - DATOS DE LONGITUD FIJA--INFORMACIÓN GENERAL
campo de control de longitud fija 001023s1999 sp-a---###---#000-0#spa-#
020 ## - NÚMERO INTERNACIONAL ESTÁNDAR DEL LIBRO
Número Internacional Estándar del Libro 8445324489
040 ## - FUENTE DE LA CATALOGACIÓN
Centro catalogador/agencia de origen DLC
Centro/agencia transcriptor DLC
050 #4 - SIGNATURA TOPOGRÁFICA DE LA BIBLIOTECA DEL CONGRESO
Número de clasificación BL2560
Número de documento/Ítem .S26 1999
245 10 - MENCIÓN DE TÍTULO
Título Santiago
Resto del título San Paio de Antealtares.
260 ## - PUBLICACIÓN, DISTRIBUCIÓN, ETC.
Lugar de publicación, distribución, etc. Xunta de Galicia
Nombre del editor, distribuidor, etc. Consellería de Cultura, Comunicación Social e Turismo
Fecha de publicación, distribución, etc. 1999
300 ## - DESCRIPCIÓN FÍSICA
Extensión 309 p.
Otras características físicas il. a color
Dimensiones 26 cm.
500 ## - NOTA GENERAL
Nota general Catálogo de la exposición realizada en el Monasterio de San Paio de Antealtares (Santiago de Compostela) 24 junio - 31 diciembre, 1999
650 14 - PUNTO DE ACCESO ADICIONAL DE MATERIA--TÉRMINO DE MATERIA
Término de materia o nombre geográfico como elemento de entrada Santos
Subdivisión de forma Exposiciones
Subdivisión general Culto
9 (RLIN) 6681
650 14 - PUNTO DE ACCESO ADICIONAL DE MATERIA--TÉRMINO DE MATERIA
Término de materia o nombre geográfico como elemento de entrada Culto
Subdivisión de forma Exposiciones
Subdivisión general Historia
9 (RLIN) 6682
653 0# - TÉRMINO DE INDIZACIÓN--NO CONTROLADO
Término no controlado Santiago, el Mayor, Santo
942 ## - ELEMENTOS DE PUNTO DE ACCESO ADICIONAL (KOHA)
Fuente del sistema de clasificación o colocación Library of Congress Classification
Tipo de ítem Koha Libros
Holdings
Estado de retiro Estado de pérdida Estado dañado No para préstamo Localización permanente Ubicación/localización actual Fecha de adquisición Total de préstamos Signatura topográfica completa Código de barras Fecha visto por última vez Precio válido a partir de Tipo de ítem Koha
El ejemplar forma parte de la colección y puede ser consultado según las políticas vigentes.       Biblioteca del Museo Franz Mayer (Rogerio Casas-Alatriste) Biblioteca del Museo Franz Mayer (Rogerio Casas-Alatriste) 14/08/2008   BL2560 .S26 1999 02270 22/03/2019 22/03/2019 Libros